| 000 | 01199nam a22002537a 4500 | ||
|---|---|---|---|
| 003 | OSt | ||
| 005 | 20250325020021.0 | ||
| 008 | 250307b ||||| |||| 00| 0 eng d | ||
| 040 |
_bEnglish. _cCvSU-CCAT Campus Library. _erda. |
||
| 050 |
_aUM HF 5381 _bD34 2010 |
||
| 100 |
_aDaes, Robelyn F., author. _914798 |
||
| 245 |
_aStatus of the employability of the graduates of Bachelor of Science in Industrial Education (B.S.I.E.) Major in Girls Trades of Cavite State University-Rosario (CvSU-R) S.Y. 2002-2003 to 2007-2008 _cRobelyn F. Daes and Kenneth Kyle A. Reynaldo. |
||
| 260 |
_aRosario, Cavite : _bCavite State University-CCAT Campus, _c2010 |
||
| 300 |
_ax, 35 leaves : _billustrations ; _c28 cm |
||
| 500 | _aUndergraduate Thesis (BSIE Major in Girls Trade) -- Cavite State University-CCAT Campus, 2010. | ||
| 504 | _aIncludes bibliographical references and appendices. | ||
| 546 | _aIn English text | ||
| 650 | _2Graduates -- Employment. | ||
| 650 | _2BSIE -- Employability. | ||
| 700 |
_aReynaldo, Kenneth Kyle A., author. _914799 |
||
| 700 |
_aLisondra, Remedios G., adviser. _99972 |
||
| 942 |
_cT/M/D _hHF 5381 D34 2010 _kUM _2lcc |
||
| 999 |
_c3933 _d3933 |
||